000 00672nam a2200205Ia 4500
003 IN-BaIIA
008 211028s9999 xx 000 0 eng d
040 _cIIA Library
080 _a082.2:52
_bIAU-S5
245 0 _aComparison of the large-scale structure of the galactic system with that of other stellar system
_cedited by N. G. Roman
260 _aCambridge
_bCambridge University Press
_c1958
300 _avii, 71p.
650 _aAstronomy and Astrophysics Thesaurus
650 _aGalactic structure
_93050
650 _aLarge scale structure
_93362
650 _aStellar structure
650 _aUniverse
_91987
700 _aRoman, N. G., ed.
_93363
942 _cBK
999 _c1708
_d1708